Largest European Cities on a Map by Letter - D - Statistics

General Stats
  • This quiz has been taken 372 times
  • The average score is 9 of 15
Answers on the Map
Answers color-coded by a green-red scale on the quiz's map according to % correct below.
 
Answer Stats
Pop. City % Correct
567k Dublin
99%
557k Dresden
88%
622k Düsseldorf
88%
589k Dortmund
79%
911k Donetsk
78%
149k Dundee
74%
156k Dijon
72%
1.00m Dnipro
67%
500k Duisburg
59%
201k Debrecen
54%
267k Derby
54%
160k Darmstadt
31%
187k Donostia
25%
153k Den Bosch
10%
229k Dzerzhinsk
8%
No matching quizzes found
Score Distribution
Percent of People with Each Score
Percentile by Number Answered
Your Score History
You have not taken this quiz